La commune la plus peuplée de chaque département commençant par la même lettre - Statistiques

Statistiques générales
  • Ce quiz a été pris 207 fois
  • Le résultat moyen est 14 sur 94
Statistiques - réponses
Département Commune Population % Correct
Paris Paris 2 103 778
86%
Calvados Caen 109 400
85%
Moselle Metz 122 572
75%
Pyrénées-Orientales Perpignan 121 616
75%
Pyrénées-Atlantiques Pau 80 441
74%
Seine-Saint-Denis Saint-Denis 149 077
74%
Essonne Évry-Courcouronnes 66 919
73%
Eure Évreux 49 360
67%
Mayotte Mamoudzou 71 437
65%
Alpes-Maritimes Antibes 77 637
62%
Nièvre Nevers 33 085
62%
La Réunion Le Tampon 82 579
52%
Charente Cognac 18 532
44%
Mayenne Mayenne 12 883
39%
Indre Issoudun 11 159
37%
Val-de-Marne Vitry-sur-Seine 93 963
37%
Ardèche Annonay 17 274
34%
Ain Ambérieu-en-Bugey 15 934
28%
Sarthe Sablé-sur-Sarthe 12 326
23%
Côte-d'Or Chenôve 14 244
20%
Gironde Gradignan 26 952
20%
Rhône Rillieux-la-Pape 31 389
20%
Bas-Rhin Bischheim 18 558
15%
Finistère Fouesnant 10 436
15%
Haute-Saône Héricourt 10 621
14%
Seine-Maritime Saint-Étienne-du-Rouvray 29 518
14%
Loire-Atlantique La Chapelle-sur-Erdre 20 690
11%
Maine-et-Loire Mauges-sur-Loire 18 695
10%
Savoie Saint-Jean-de-Maurienne 7 524
10%
Doubs Doubs 3 335
8%
Seine-et-Marne Savigny-le-Temple 31 148
8%
Bouches-du-Rhône Bouc-Bel-Air 15 381
7%
Meurthe-et-Moselle Maxéville 10 090
7%
Val-d'Oise Villiers-le-Bel 30 053
7%
Ariège Ax-les-Thermes 1 285
6%
Charente-Maritime Châtelaillon-Plage 6 653
6%
Eure-et-Loir Épernon 5 715
6%
Vosges Vittel 4 780
6%
Lozère Langogne 2 836
5%
Lot-et-Garonne Le Passage 9 326
5%
Marne Mourmelon-le-Grand 4 895
5%
Vaucluse Vedène 11 974
5%
Var Vidauban 12 608
5%
Gers Gimont 3 146
4%
Ille-et-Vilaine Iffendic 4 609
4%
Meuse Montmédy 2 052
4%
Nord Neuville-en-Ferrain 10 002
4%
Vienne Vivonne 4 550
4%
Allier Avermes 4 074
3%
Drôme Donzère 6 008
3%
Guadeloupe Goyave 7 565
3%
Landes Labenne 7 183
3%
Loiret La Chapelle-Saint-Mesmin 11 017
3%
Loire Le Chambon-Feugerolles 12 314
3%
Morbihan Muzillac 5 089
3%
Saône-et-Loire Saint-Vallier 8 508
3%
Ardennes Aiglemont 1 692
2%
Aveyron Aubin 3 444
2%
Guyane Grand-Santi 9 668
2%
Haut-Rhin Huningue 7 487
2%
Loir-et-Cher Le Controis-en-Sologne 6 860
2%
Oise Orry-la-Ville 3 583
2%
Puy-de-Dôme Pont-du-Château 1 241
2%
Somme Salouël 4 179
2%
Alpes-de-Haute-Provence Aiglun 1 399
1%
Aube Aix-Villemaur-Pâlis 3 236
1%
Aisne Athies-sous-Laon 2 578
1%
Creuse Chambon-sur-Voueize 794
1%
Cher Châteaumeillant 1 629
1%
Côtes-d'Armor Châtelaudren-Plouagat 3 974
1%
Corrèze Cosnac 3 044
1%
Corse-du-Sud Cuttoli-Corticchiato 2 060
1%
Dordogne Domme 906
1%
Deux-Sèvres Doux 204
1%
Gard Garons 5 381
1%
Haute-Savoie Habère-Poche 1 488
1%
Hérault Hérépian 1 594
1%
Hautes-Pyrénées Horgues 1 287
1%
Haute-Garonne Huos 491
1%
Isère Izeaux 2 134
1%
Lot Lalbenque 1 899
1%
Manche Mortain-Bocage 2 961
1%
Pas-de-Calais Pont-à-Vendin 3 062
1%
Vendée Venansault 4 757
1%
Yonne Yrouerre 144
1%
Aude Argeliers 2 124
0%
Cantal Champs-sur-Tarentaine-Marchal 1 032
0%
Haute-Marne Haute-Amance 952
0%
Jura Jouhe 531
0%
Martinique Macouba 987
0%
Orne Occagnes 671
0%
Tarn Terre-de-Bancalié 1 725
0%
Tarn-et-Garonne Touffailles 330
0%
Territoire de Belfort Trévenans 1 310
0%
Aucun quiz correspondant
Distribution des résultats
% des personnes avec chaque résultat
Percentile par nombre de réponses
Votre historique - résultats
Vous n’avez pas pris ce quiz